| 000 | 00686nam a2200253Ia 4500 | ||
|---|---|---|---|
| 003 | OSt | ||
| 005 | 20221007101109.0 | ||
| 006 | a|||||r|||| 00| 0 | ||
| 007 | ta | ||
| 008 | 221006b |||||||| |||| 00| 0 eng d | ||
| 024 | _a5,824 | ||
| 037 | _cTextual | ||
| 040 |
_aLCO _cLCO _beng |
||
| 041 |
_2eng _aeng |
||
| 082 | _aV73:2:(Z), L0 | ||
| 100 |
_aHERZBERG D G _9702595 |
||
| 245 | 0 | _aEssays on the State Legislative Process. | |
| 260 |
_aNew _bYork Holt, Rinehovts _c1970 |
||
| 300 | _a116 | ||
| 650 |
_aLEGISLATIVE PROCESS _9702596 |
||
| 700 |
_a UNRUH J _9702597 |
||
| 942 |
_hV73:2:(Z), L0 _cTEXL |
||
| 999 |
_c1175387 _d1175387 |
||